Nuclear Physics. (Record no. 348886)

000 -LEADER
fixed length control field 00409 a2200157 4500
020 ## - INTERNATIONAL STANDARD BOOK NUMBER
International Standard Book Number 9789698906160
082 ## - DEWEY DECIMAL CLASSIFICATION NUMBER
Classification number 539
090 ## - LOCALLY ASSIGNED LC-TYPE CALL NUMBER (OCLC); LOCAL CALL NUMBER (RLIN)
-- 6527
-- 6527
100 ## - MAIN ENTRY--PERSONAL NAME
Personal name Khan,Badr Ud Duja.
245 ## - TITLE STATEMENT
Title Nuclear Physics.
Statement of responsibility, etc. Pro.Badr Ud Duja Khan
250 ## - EDITION STATEMENT
Edition statement 1st.
260 ## - PUBLICATION, DISTRIBUTION, ETC.
Place of publication, distribution, etc. Karachi.
Name of publisher, distributor, etc. Federal Urdu University Science & Technology.
Date of publication, distribution, etc. 2008.
300 ## - PHYSICAL DESCRIPTION
Extent 238p.
500 ## - GENERAL NOTE
General note Paper cover.
942 ## - ADDED ENTRY ELEMENTS (KOHA)
Institution code [OBSOLETE] NBS
Koha item type Book
Call number prefix 539 KHA
Holdings
Withdrawn status Lost status Damaged status Not for loan Permanent Location Current Location Date acquired Total Checkouts Full call number Barcode Date last seen Price effective from Koha item type
        Central Library (CL) Central Library (CL) 08/28/2013   539 KHA NBSD-1851 08/28/2013 08/28/2013 Book
        Central Library (CL) Central Library (CL) 08/28/2013   539 KHA NBSD-1850 08/28/2013 08/28/2013 Book
        Central Library (CL) Central Library (CL) 08/28/2013   539 KHA NBSD-1848 08/28/2013 08/28/2013 Book
        Central Library (CL) Central Library (CL) 08/28/2013   539 KHA NBSD-1849 08/28/2013 08/28/2013 Book
© 2023 Central Library, National University of Sciences and Technology. All Rights Reserved.